Exportação concluída — 

Reading instruction to young language learners: Sub-skills taught and activities used by EFL teachers in Can Tho foreign language centers : Master of education. Program Principles and methods in English language education

Investigating into English foreign language teachers' use of reading strategies instructing young leraners in CanTho Foreign centers

Đã lưu trong:
书目详细资料
主要作者: Trần, Thị Bé Ba
格式: 图书
语言:Undetermined
出版: Cần Thơ Trường Đại học Cần Thơ 2016
主题:
标签: 添加标签
没有标签, 成为第一个标记此记录!
Thư viện lưu trữ: Trung tâm Học liệu Trường Đại học Cần Thơ
LEADER 00985nam a2200217Ia 4500
001 CTU_213914
008 210402s9999 xx 000 0 und d
082 |a 428.2407 
082 |b B100 
100 |a Trần, Thị Bé Ba 
245 0 |a Reading instruction to young language learners: Sub-skills taught and activities used by EFL teachers in Can Tho foreign language centers : 
245 0 |b Master of education. Program Principles and methods in English language education 
245 0 |c Trần Thị Bé Ba ; Nguyễn Bửu Huân (Supervisor) 
260 |a Cần Thơ 
260 |b Trường Đại học Cần Thơ 
260 |c 2016 
520 |a Investigating into English foreign language teachers' use of reading strategies instructing young leraners in CanTho Foreign centers 
650 |a Tiếng Anh,English language 
650 |x Dạy và học,Study and teaching 
904 |i Nguyên 
980 |a Trung tâm Học liệu Trường Đại học Cần Thơ